On Liberty & Utilitarianism and other Works: (Record no. 590499)

000 -LEADER
fixed length control field 00475nam a22001337a 4500
020 ## - INTERNATIONAL STANDARD BOOK NUMBER
International Standard Book Number 9781840225969
082 ## - DEWEY DECIMAL CLASSIFICATION NUMBER
Classification number 340.112
Author Mark MIL
100 ## - MAIN ENTRY--PERSONAL NAME
Personal name Mill, John Stuart
245 ## - TITLE STATEMENT
Title On Liberty & Utilitarianism and other Works:
Remainder of title Representative Government the Subjection of Women the Contest in America Inaugural Address /
Statement of responsibility, etc. John Stuart Mill
260 ## - PUBLICATION, DISTRIBUTION, ETC.
Place of publication, distribution, etc. London :
Name of publisher, distributor, etc. Wordsworth Classic of World Literature,
Date of publication, distribution, etc. 2016.
300 ## - PHYSICAL DESCRIPTION
Extent 616 p. ;
Dimensions 20 cm.
563 ## - BINDING INFORMATION
Binding note PBK.
942 ## - ADDED ENTRY ELEMENTS (KOHA)
Source of classification or shelving scheme
Koha item type Book
Holdings
Withdrawn status Lost status Source of classification or shelving scheme Damaged status Not for loan Permanent Location Current Location Shelving location Date acquired Source of acquisition Full call number Barcode Date last seen Price effective from Koha item type
          NUST Law School (NLS) NUST Law School (NLS) Law 07/21/2022 Golden Books 340.112 MIL CL-1105 07/21/2022 07/21/2022 Book
© 2023 Central Library, National University of Sciences and Technology. All Rights Reserved.